| Tag |
First Indicator |
Second Indicator |
Subfields |
| LEADER |
00000cam a2200000Ia 4500 |
| 001 |
in00002189713 |
| 005 |
20151104064352.0 |
| 008 |
841002s1984 vauab b 000 0 eng d |
| 035 |
|
|
|a (OCoLC)ocm11219501
|
| 040 |
|
|
|a SBM
|c SBM
|d LEL
|d TXA
|d UtOrBLW
|
| 043 |
|
|
|a n-us-ak
|
| 049 |
|
|
|a TXAM
|
| 090 |
|
|
|a GC1
|b .O45 no.84-7
|
| 100 |
1 |
|
|a Rugolo, Louis J.
|
| 245 |
1 |
0 |
|a Methods for the comparison of timing behavior applied to the pink salmon fisheries of Prince William Sound, Alaska /
|c by Louis J. Rugolo.
|
| 264 |
|
1 |
|a Norfolk, Va. :
|b Old Dominion University Research Foundation,
|c 1984.
|
| 300 |
|
|
|a xiii, 225 leaves :
|b illustrations, maps ;
|c 28 cm.
|
| 336 |
|
|
|a text
|b txt
|2 rdacontent
|
| 337 |
|
|
|a unmediated
|b n
|2 rdamedia
|
| 338 |
|
|
|a volume
|b nc
|2 rdacarrier
|
| 490 |
1 |
|
|a Technical report / Dept. of Oceanography, Old Dominion University ;
|v 84-7
|
| 504 |
|
|
|a Bibliography: leaves 147-152.
|
| 500 |
|
|
|a "Prepared for the Department of Oceanography, School of Sciences and Health Professions, Old Dominion University..."
|
| 650 |
|
0 |
|a Salmon fisheries
|z Alaska.
|
| 830 |
|
0 |
|a Technical report (Old Dominion University. Department of Oceanography) ;
|v 84-7.
|
| 948 |
|
|
|a cataloged
|b h
|c 2006/8/22
|d c
|e jgreene
|f 2:38:04 pm
|
| 994 |
|
|
|a C0
|b TXA
|
| 999 |
|
|
|a MARS
|
| 999 |
f |
f |
|s bd1be84b-2219-379e-9048-9ffabfeb4979
|i 34d921b8-137b-3a3c-a398-f1f216b4e578
|t 0
|
| 952 |
f |
f |
|p ric
|a Texas A&M University
|b Rellis Campus
|c Joint Library Facility
|d Remote Storage
|t 0
|e GC1 .O45 no.84-7
|h Library of Congress classification
|i unmediated -- volume
|m A14834704146
|
| 998 |
f |
f |
|a GC1 .O45 no.84-7
|t 0
|l Remote Storage
|